The truth about animal senses / (Record no. 5755)

MARC details
000 -LEADER
fixed length control field 00939nam a22002657a 4500
001 - CONTROL NUMBER
control field 5755
003 - CONTROL NUMBER IDENTIFIER
control field FISKH
005 - DATE AND TIME OF LATEST TRANSACTION
control field 20250120155720.0
008 - FIXED-LENGTH DATA ELEMENTS--GENERAL INFORMATION
fixed length control field 250120b cb ||||| |||| 00| 0 eng d
020 ## - INTERNATIONAL STANDARD BOOK NUMBER
International Standard Book Number 9780439518079
040 ## - CATALOGING SOURCE
Original cataloging agency FISKH
Language of cataloging eng
Transcribing agency FISKH
Modifying agency FISKH
050 ## - LIBRARY OF CONGRESS CALL NUMBER
Classification number QP434.S755
082 ## - DEWEY DECIMAL CLASSIFICATION NUMBER
Classification number 573.8
100 ## - MAIN ENTRY--PERSONAL NAME
Personal name Stonehouse, Bernard
245 ## - TITLE STATEMENT
Title The truth about animal senses /
Statement of responsibility, etc. by Bernard Stonehouse and Esther Bertram : Illustrated by John Francis
250 ## - EDITION STATEMENT
Edition statement First printing December 2002
260 ## - PUBLICATION, DISTRIBUTION, ETC.
Place of publication, distribution, etc. New York :
Name of publisher, distributor, etc. Tangerine Press ;
Date of publication, distribution, etc. 2002.
300 ## - PHYSICAL DESCRIPTION
Extent 48 pages :
Other physical details color illustrations ;
Dimensions 28 cm .
490 ## - SERIES STATEMENT
Series statement Animals Exposed!
520 ## - SUMMARY, ETC.
Summary, etc. Discover the secrets and myths about animal senses. From the simplest amoeba to the brightest ape, learn the simple truths about how animals operate.
650 ## - SUBJECT ADDED ENTRY--TOPICAL TERM
Topical term or geographic name entry element biology
Form subdivision non-fiction
700 ## - ADDED ENTRY--PERSONAL NAME
Personal name Francis, John
Relator term illustrator
942 ## - ADDED ENTRY ELEMENTS (KOHA)
Source of classification or shelving scheme Dewey Decimal Classification
Koha item type Books
Suppress in OPAC No
Holdings
Withdrawn status Lost status Source of classification or shelving scheme Damaged status Not for loan Collection Home library Current library Shelving location Date acquired Total Checkouts Full call number Barcode Date last seen Price effective from Koha item type
    Dewey Decimal Classification     Non-Fiction Footprints International School Library Network Toul Kork Campus Footprints International School Library Network Toul Kork Campus TTP Secondary Non-Fiction Bookshelves 01/20/2025   STO 573.8 QP434.S755 FIS01258 01/20/2025 01/20/2025 Books